|
|
|
|
| LEADER |
01030nam a2200265 a 4500 |
| 001 |
599894 |
| 008 |
110130s1992 paua b 001 0 eng d |
| 010 |
|
|
|a 91042778
|
| 020 |
|
|
|a 0830630562 (paper) :
|c $26.95
|
| 040 |
|
|
|a DLC
|c DLC
|d DLC
|d BD-DhAAL
|
| 082 |
0 |
0 |
|a 025.06/5
|2 20
|
| 100 |
1 |
|
|a Bjelland, Harley.
|
| 245 |
1 |
0 |
|a Using online scientific & engineering databases /
|c Harley Bjelland.
|
| 250 |
|
|
|a 1st ed.
|
| 260 |
|
|
|a Blue Ridge Summit, PA :
|b Windcrest,
|c c1992.
|
| 300 |
|
|
|a xviii, 213 p. :
|b ill. ;
|c 24 cm.
|
| 504 |
|
|
|a Includes bibliographical references (p. 207-208) and index.
|
| 541 |
1 |
|
|e 00012874
|
| 650 |
|
0 |
|a Online data processing.
|
| 650 |
|
0 |
|a Science
|x Databases.
|
| 650 |
|
0 |
|a Engineering
|x Databases.
|
| 740 |
0 |
|
|a Using online scientific and engineering databases.
|
| 852 |
|
|
|a Ayesha Abed Library
|c General Shelf.
|
| 999 |
|
|
|c 10414
|d 10414
|
| 952 |
|
|
|0 0
|1 0
|2 ddc
|4 0
|6 025_065000000000000_BJE
|7 0
|9 14282
|a BRACUL
|b BRACUL
|c GEN
|d 2011-01-31
|g 31.00
|l 0
|o 025.065 BJE
|p 3010012874
|r 2011-01-31
|t 1
|w 2011-01-31
|y BK
|x RS-26.95
|